000 00306nam a2200133Ia 4500
008 231129s1980||||xx |||||||||||||| ||spa||
040 _bspa
082 _aB869 C871
100 _aCoutinho Afranio
245 0 _aLa moderna literatura brasilena
260 _c1980
264 _aMacondo
942 _2ddc
_cBKS
999 _c17639
_d17639